| 000 | 00700nam a2200205Ia 4500 | ||
|---|---|---|---|
| 005 | 20260601193224.0 | ||
| 008 | 260601s9999||||xx |||||||||||||| ||und|| | ||
| 020 |
_a978-3-031-50215-6 _qebk |
||
| 100 | _aMahdi H. Miraz | ||
| 245 | 0 | _aEmerging Technologies in Computing | |
| 250 | _a1st ed. 2024 | ||
| 260 |
_aHeidelberg, Germany _bSpringer Nature _c2024 |
||
| 440 | _aLecture Notes of the Institute for Computer Sciences, Social Informatics and Telecommunications Engineering | ||
| 650 | _aComputer Science | ||
| 700 | _aAndrew Ware | ||
| 700 | _aGarfield Southall | ||
| 700 | _aMaaruf Ali | ||
| 856 | _uhttps://link.springer.com/openurl?genre=book&isbn=978-3-031-50215-6 | ||
| 942 |
_cEB _2ddc |
||
| 999 |
_c55893 _d55893 |
||